Rosa Como 2025-2026 - Statistics

Statistiche generali
  • Questo quiz è stato fatto 42 volte
  • Il punteggio medio è 19 su 28
Statistiche sulle risposte
Ruolo N° Maglia Nazionalità Giocatore % Corretto
P 1 i Jean Butez
97%
C 10 i Nicolás Paz
95%
Allenatore - i Cesc Fàbregas
89%
A 7 i Álvaro Morata
87%
A 11 i Anastasios Douvikas
87%
C 23 i Máximo Perrone
87%
A 38 i Assane Diao
84%
C 20 i Martin Baturina
84%
D 14 i Jacobo Ramón
79%
C 33 i Lucas Da Cunha
79%
D 31 i Mërgim Vojvoda
79%
D 28 i Ivan Smolčić
76%
A 17 i Jesús Rodríguez
76%
A 19 i Nicolas Kühn
76%
D 34 i Diego Carlos
74%
D 2 i Marc Oliver Kempf
74%
C 8 i Sergi Roberto
74%
D 3 i Álex Valle
71%
A 42 i Jayden Addai
71%
C 6 i Maxence Caqueret
71%
D 18 i Alberto Moreno
68%
D 77 i Ignace Van Der Brempt
68%
D 5 i Edoardo Goldaniga
58%
P 22 i Mauro Vigorito
45%
P 44 i Nikola Čavlina
29%
P 21 i Noel Törnqvist
26%
C 15 i Adrian Lahdo
24%
P 12 i Henrique Menke
16%
Nessun quiz corrispondente trovato
Distribuzione punteggi
Percentuale di utenti per punteggio
Percentile per numero di risposta
I tuoi punteggi nel tempo
Non hai fatto questo quiz